FOSÍLIE WETTERSTEINSKÝCH VÁPENCOV SLOVENSKÉHO KRASU (LOKALITA SILIČKA)

Bibliographic Details
Main Authors: Mello, Ján, 1941- (Author), Kochanová, Mária (Author), Siblík, Miloš (Author)
Format: Article
Language:Slovak

MARC

LEADER 00000nab a2200000ua 4500
001 vtls010845001
003 SK-MaSNL
005 20260303135817.0
008 230218s1975 xo |||||||||||||||||slo|
035 |a (urnnbn)urn:nbn:sk:snk:ar-a07417 
035 |a urn:nbn:sk:snk-ab66q7 
035 |a (uuid)d17c513a-be04-4072-8a76-1ce79f279292 
040 |a SNKBUCL  |b slo  |c SNKBUCL  |e AACR2 
041 0 |a slo 
044 |a xo  |c SK 
100 1 |a Mello, Ján,  |d 1941-  |4 aut  |9 87266 
245 1 0 |a FOSÍLIE WETTERSTEINSKÝCH VÁPENCOV SLOVENSKÉHO KRASU (LOKALITA SILIČKA)  |c Ján Mello, Mária Kochanová, Miloš Siblík 
700 1 |a Kochanová, Mária  |4 aut  |9 589519 
700 1 |a Siblík, Miloš  |4 aut  |9 918694 
773 0 |t Geologické práce : správy  |g Roč. 63, č. 63 (1975), s. 55-65 
954 |a odborná, vedecká literatúra pôvodná (slovenská)  |2 lita 
958 |a OND 
958 |a EUIPO 
958 |a article5 
999 |c 1968006  |d 1969936